| 000 | 00473nam a2200193Ia 4500 | ||
|---|---|---|---|
| 003 | GCL | ||
| 008 | 140319s9999 xx 000 0 eng d | ||
| 040 |
_aGCL / _cGCL |
||
| 082 | 0 | 4 |
_aCC _b932 _bE L |
| 100 | 1 | _aERMAN, ADOLF | |
| 245 | 1 | 0 |
_aLIFE IN ANCIENT EGYPT / _cERMAN, ADOLF |
| 260 |
_aنيويورك : _bDOVER PUBLICATIONS ، _c1971 |
||
| 300 | _a570 | ||
| 650 | 0 | 4 | _aRELIGION |
| 650 | 0 | 4 | _aARTS |
| 650 | 0 | 4 | _aANCIENT EGYPT |
| 650 | 0 | 4 | _aHISTORY |
| 942 |
_2ddc _cBK |
||
| 999 |
_c11185 _d11185 |
||